000 00899cam a2200241 a 4500
001 000004395
005 20200929151433.0
008 860827s1979 sp 001 0 spa
020 _a8427604890
_c2.50
040 _aDO-SdBNP
_cDLC
_dDLC
041 1 7 _aspa
_heng
_2Código de idioma MARC
082 _a822.1
_bW377d
100 1 _aWebster, John,
_d1580-1633.
_912936
245 1 3 _aEl diablo blanco /
_cJohn Webster ; traducción, introducción y notas, Fernándo Villaverde.
260 _aMadrid :
_bNacional,
_c1979.
300 _a246 p. : ;
_c18 cm.
490 1 _aBiblioteca de la Literatura y el Pensamiento Universales
_vno. 29
650 4 _aTeatro estadounidense
_94929
650 4 _aLiteratura estadounidense
_9263
700 1 _aVillaverde, Fernándo,
_etr.
_912937
830 0 _aBiblioteca de la Literatura y el Pensamiento Universales ;
_vno. 29.
_912938
910 _aCatalogación por copia / LC
999 _c4204
_d4204